[Event "World School-ch U17"]
[Site "Iasi"]
[Date "2017.04.27"]
[Round "6"]
[White "Albu, George"]
[Black "Ranawaka, Nuran Lakshitha N"]
[Result "1-0"]
[WhiteElo "1950"]
[BlackElo "1515"]
[PlyCount "43"]
[EventDate "2017.04.23"]
[EventType "swiss"]
[EventRounds "9"]
[EventCountry "ROU"]
[SourceTitle "CBM 178 Extra"]
[Source "ChessBase"]
[SourceDate "2017.06.22"]
[SourceVersion "1"]
[SourceVersionDate "2017.06.22"]
[SourceQuality "1"]

1. d4 d5 2. c4 c6 3. Nc3 Nf6 4. Nf3 e6 5. e3 Bd6 6. Bd3 dxc4 7. Bxc4 b5 8. Bb3 Bb7 9. 0-0 a6 10. Re1 0-0 11. e4 Be7 12. Bg5 c5 13. e5 Nfd7 14. Bxe7 Qxe7 15. d5 exd5 16. Nxd5 Qd8 17. e6 fxe6 18. Rxe6 c4 19. Ne7+ Kh8 20. Ng5 Rf6 21. Qh5 Nf8 22. Rxf6 1-0

[Event "World School-ch U17"]
[Site "Iasi"]
[Date "2017.04.26"]
[Round "5"]
[White "Ranawaka, Nuran Lakshitha N"]
[Black "Amirzhanov, Rauan"]
[Result "1-0"]
[WhiteElo "1515"]
[BlackElo "1508"]
[PlyCount "79"]
[EventDate "2017.04.23"]
[EventType "swiss"]
[EventRounds "9"]
[EventCountry "ROU"]
[SourceTitle "CBM 178 Extra"]
[Source "ChessBase"]
[SourceDate "2017.06.22"]
[SourceVersion "1"]
[SourceVersionDate "2017.06.22"]
[SourceQuality "1"]

1. d4 d5 2. Nf3 Bf5 3. c4 c6 4. Nc3 Nf6 5. Qb3 Qb6 6. c5 Qc7 7. Ne5 Nbd7 8. Bf4 Nh5 9. Nxd7 Nxf4 10. Nxf8 Kxf8 11. e3 Nh5 12. Be2 Nf6 13. f4 h5 14. 0-0 h4 15. Qd1 e6 16. Bd3 Ke7 17. Qc2 Qd7 18. Rad1 Bxd3 19. Qxd3 Rh5 20. b4 b5 21. a4 a6 22. Ra1 Rc8 23. axb5 axb5 24. Ra6 g5 25. f5 g4 26. fxe6 Qxe6 27. Nxb5 Nd7 28. Na7 Rc7 29. Nb5 Rc8 30. Nd6 Rf8 31. Rxc6 f5 32. Nxf5+ Qxf5 33. Rxf5 Rhxf5 34. Rc7 h3 35. g3 R8f7 36. c6 Rf8 37. Rxd7+ Ke6 38. b5 Ra8 39. Re7+ Kf6 40. Rf7+ 1-0